000 00455nam a2200169Ia 4500
003 GCL
008 140319s9999 xx 000 0 eng d
040 _aGCL /
_cGCL
082 0 4 _aREF
_b912
_bH H
100 1 _aFABRE, JOSEP PALOII
245 1 0 _aHAMMOND CITATION WORLD ATALS /
_cFABRE, JOSEP PALOII
260 _a[S.N] :
_bMACMILLAN PUBLISHING COMPANY ،
_c1991
300 _a356 P
650 0 4 _aATLASES
650 0 4 _aATLASES, HISTORY
942 _2ddc
_cBK
999 _c17413
_d17413